| 000 | 00569nam a22001937a 4500 | ||
|---|---|---|---|
| 005 | 20220718133526.0 | ||
| 008 | 220718b ||||| |||| 00| 0 eng d | ||
| 040 | _cAL | ||
| 041 | _aEnglish | ||
| 082 |
_223 _a909.09824 _bCHAJ |
||
| 100 |
_aSatish Chandra _950619 |
||
| 245 | _aJournal of Indian Ocean Studies | ||
| 260 |
_aNew Delhi _bSociety for Indian Ocean Studies _c2000 |
||
| 300 |
_a282 p. _bPB _c23.5x15.3 cm. |
||
| 440 |
_aVol 7 No 2&3 March 2000 _950620 |
||
| 650 |
_aIndian Ocean Region _950621 |
||
| 700 |
_aCHANDRA (Satish) Ed _950622 |
||
| 942 |
_2ddc _cGF |
||
| 999 |
_c223910 _d223910 |
||